000 00510nam a2200181Ia 4500
003 GCL
008 140319s9999 xx 000 0 ara d
040 _aGCL /
_cGCL
082 0 4 _a813.087
_bع ق
100 1 _aعبدالفتاح رزق
245 1 0 _aقصص الدم والرصاص /
_cعبدالفتاح رزق
300 _a95 ص
490 _aمطبوعات الجديد
_v0
650 0 4 _aالادب العربى
650 0 4 _aقصص الحرب
650 0 4 _aحرب اكتوبر 1973
942 _2ddc
_cBK
999 _c47193
_d47193